| 000 | 00630nmc a2200217 a 4500 | ||
|---|---|---|---|
| 003 | AR-BaBNM | ||
| 005 | 20251128202711.0 | ||
| 008 | 195020s1999 ||||||||||||||000 | spa|| | ||
| 040 | _cAR-BaBNM | ||
| 245 | 1 | 0 | _aLa enseñanza de historia y geografía en el contexto del Mercosur |
| 260 |
_aBuenos Aires _bMinisterio de Cultura y Educación _c1999 |
||
| 300 | 0 | _a151 p. | |
| 490 | 0 | _aMercosur : sector educativo | |
| 610 | 2 | 4 | _aMERCOSUR |
| 650 | 4 | _aENSENANZA DE LA HISTORIA | |
| 650 | 4 | _aENSENANZA DE LA GEOGRAFIA | |
| 650 | 4 | _aINTEGRACION REGIONAL | |
| 653 | _aINTEGRACION EDUCATIVA | ||
| 942 | _cBK | ||
| 998 | _cme-solo cat | ||
| 999 |
_c175 _d175 |
||